| 000 | 00604nam a22002297a 4500 | ||
|---|---|---|---|
| 003 | UA-OsUOA | ||
| 001 | 50851 | ||
| 007 | ta | ||
| 008 | 20140707b un ||||| |||| 00| 0 ukr d | ||
| 100 | _aKudelka B. | ||
| 090 | _a09.-94(4) | ||
| 942 | _cSA | ||
| 040 |
_aUA-OsUOA _bpol _cUA-OsUOA _dUA-OsUOA |
||
| 245 | _aJakob Heraklides Despota samoznawczy hospodar moldawski wobec Polski a Austryi | ||
| 300 | _aPP. 13-52 с. | ||
| 955 | _a1 | ||
| 041 | _apol | ||
| 080 | _a09.-94(4) | ||
| 773 | 0 |
_tKwartalnik Historyczny, Vol. XXVI _g1912 |
|
| 650 | 7 |
_a0 Загальний відділ. _2UDC |
|
| 999 |
_c430980 _d430980 |
||